| 000 | 00476pab a2200181 454500 | ||
|---|---|---|---|
| 008 | 180718b2015 xxu||||| |||| 00| 0 eng d | ||
| 100 | _aShekhar, Beulah | ||
| 245 | _aThe victim turned offender: an empirical study in playamkottai central prison | ||
| 260 | _c2015 | ||
| 300 | _ap.155-167. | ||
| 362 | _aOct-Dec | ||
| 650 | _aPrisons | ||
| 650 | _aCrime | ||
| 700 | _aSomasundaram, Vijaya | ||
| 700 | _aRaja, S. | ||
| 773 | _aIndian Police Journal | ||
| 909 | _a113048 | ||
| 999 |
_c113043 _d113043 |
||